Logo BPK

Biblioteka

Politechniki Koszalińskiej

Konferencja naukowa nt.Połączenia w konstrukcjach metalowych oraz konstrukcje metalowe. (Rekord nr 28564)

Szczegóły MARC
000 -ETYKIETA REKORDU
podpole kontrolne o stałej długości 00408nam a2200133 i 4500
001 - NUMER KONTROLNY REKORDU
pole kontrolne bg
040 ## - ŹRÓDŁO KATALOGOWANIA
Instytucja, która utworzyła rekord BPK
041 ## - KOD JĘZYKA
Kod języka tekstu pol
008 - POLE O STAŁEJ DŁUGOŚCI - DANE KONTROLNE
podpole kontrolne o stałej długości s pl f |000 0 pol
245 00 - TYTUŁ/ODPOWIEDZIALNOŚĆ
Tytuł Konferencja naukowa nt.Połączenia w konstrukcjach metalowych oraz konstrukcje metalowe.
Oznaczenie części/sekcji dzieła T.1.
246 ## - WARIANT TYTUŁU
Tytuł Połączenia w konstrukcjach metalowych oraz konstrukcje metalowe
260 ## - STREFA ADRESU WYDAWNICZEGO
Miejsce wydania Olsztyn,
Data publikacji, dystrybucji/powstania dokumentu 1983.
856 ## - LOKALIZACJA I DOSTĘP DO ELEKTRONICZNYCH DOKUMENTÓW ZDALNYCH
Link (URL) http://koha.tu.koszalin.pl/cgi-bin/koha/opac-detail.pl?biblionumber=28564
Tekst linku Katalog online BPK
942 ## - DODATKOWE ELEMENTY (KOHA)
Typ dokumentu Książka
Egzemplarze
Wycofany Status egzemplarza Uszkodzony Dostępność Lokalizacja stała Lokalizacja bieżąca Miejsce przechowywania Sygnatura Kod kreskowy Typ dokumentu
      Dostępny Biblioteka Politechniki Koszalińskiej Biblioteka Politechniki Koszalińskiej Wypożyczalnia BG 34400 01597837 Książka
© 2023 Biblioteka Politechniki Koszalińskiej :: KOHA